Výsledky anketního šetření mezi pracovníky správ sociálního zabezpečení. Ke koncepci sociálního pojištění.
Anketa sa uskutočnila v r. 1991 na okresných správach sociálneho zabezpečenia v ČR a SR a na Českej správe sociálneho zabezpečenia. Princíp povinného poistenia. Názor na pripoisťovacie systémy a na vekovú hranicu pre odchod do dôchodku. Súbeh zárobku s dôchodkom. Nová definícia invalidity. Problém p...
Enregistré dans:
| Auteur principal: | |
|---|---|
| Format: | Chapitre de livre |
| Langue: | tchèque |
| Sujets: | |
| Tags: |
Pas de tags, Soyez le premier à ajouter un tag!
|
MARC
| LEADER | 00000naa a2200000 4500 | ||
|---|---|---|---|
| 001 | r012089 | ||
| 005 | 20220826094034.5 | ||
| 041 | 0 | |a cze | |
| 044 | |a CZ | ||
| 245 | 1 | 0 | |a Výsledky anketního šetření mezi pracovníky správ sociálního zabezpečení. |b Ke koncepci sociálního pojištění. |c J. Biskup |
| 520 | |a Anketa sa uskutočnila v r. 1991 na okresných správach sociálneho zabezpečenia v ČR a SR a na Českej správe sociálneho zabezpečenia. Princíp povinného poistenia. Názor na pripoisťovacie systémy a na vekovú hranicu pre odchod do dôchodku. Súbeh zárobku s dôchodkom. Nová definícia invalidity. Problém pozostalostných dôchodkov. Súbeh viacerých dôchodkov. | ||
| 610 | 2 | 0 | |a poistenie sociálne |
| 610 | 2 | 0 | |a koncepcie |
| 610 | 2 | 0 | |a Čechy |
| 610 | 2 | 0 | |a Slovensko |
| 610 | 2 | 0 | |a poistenie povinné |
| 610 | 2 | 0 | |a čiastka poistná |
| 610 | 2 | 0 | |a vek |
| 610 | 2 | 0 | |a dôchodky starobné |
| 610 | 2 | 0 | |a zárobky |
| 610 | 2 | 0 | |a invalidita |
| 100 | 1 | |a Biskup, Jiří | |